Fundamentos de economía (Registro nro. 40735)
[ vista simple ]
| 000 -ENCABEZADO | |
|---|---|
| Número de control [NR] | 01738nam a2200457Ia 4500 |
| 005 - FECHA Y HORA DE LA ÚLTIMA TRANSACCIÓN | |
| control field | 20170522115314.0 |
| 008 - DE LONGITUD FIJA DE DATOS DE ELEMENTOS - INFORMACIÓN GENERAL | |
| Elementos de longitud fija [NR] | 130821s2016 ck ao gr spa d |
| 020 ## - NUMERO INTERNACIONAL NORMALIZADO PARA LIBROS [R] | |
| Número Internacional Normalizado del libro [NR] | 9788429126280 (2a.Ed.) |
| 020 ## - NUMERO INTERNACIONAL NORMALIZADO PARA LIBROS [R] | |
| Número Internacional Normalizado del libro [NR] | 9788429126464 (3a.Ed.) |
| 040 ## - FUENTE DE CATALOGACION [NR] | |
| Agencia de catalogación original [NR] | Co-BoUCM |
| Idioma de catalogación [NR] | spa |
| Quien Cataloga | Saul Niño (Modificó) |
| Quien Clasifica | [Nuevo] |
| 041 00 - CODIGO DE IDIOMA [R] | |
| Código de idioma para texto/pista de sonido o título separado [R] | Español |
| 100 1# - ASIENTO PRINCIPAL--NOMBRE PERSONAL [NR] | |
| Nombre personal [NR] | Krugman, Paul Robin |
| Fechas asociadas con el nombre [NR] | 1953- |
| ID Autoridad | 27869 |
| 245 10 - MENCION DE TITULO [NR] | |
| Título [NR] | Fundamentos de economía |
| Mención de responsabilidad, etc. [NR] | Paul Krugman, Robin Wells y Kathyn Graddy ; traducción de Jimena García Pardo y Alonso de Ojeda |
| 250 ## - MENCION DE EDICION [NR] | |
| Mención de edición [NR] | Tercera edición |
| 260 ## - PUBLICACION, DISTRIBUCION, ETC. (PIE DE IMPRENTA) [R] | |
| Lugar de publicación, distribución, etc. [R] | Bogotá (Colombia) |
| -- | Barcelona (España) |
| Nombre del editor, distribuidor, etc. [R] | Editorial Reverté |
| Fecha de publicación, distribución, etc. [R] | 2016 |
| 300 ## - DESCRIPCION FISICA [R] | |
| Extensión [R] | xxiii, 561 páginas |
| Otros detalles físicos [NR] | ilustraciones, cuadros, gráficas, fotografías a color |
| 500 ## - NOTA GENERAL [R] | |
| Nota general [NR] | Incluye índice |
| 586 ## - NOTA DE PREMIOS [R] | |
| Nota de premios [NR] | Paul Krugman, premio Nobel de economía 2008 |
| 650 #4 - ASIENTO SECUNDARIO DE MATERIA - TERMINO TEMATICO [R] | |
| Término temático o nombre geográfico como elemento de entrada [NR] | Modelos económicos |
| 9 (RLIN) | 19669 |
| 650 #7 - ASIENTO SECUNDARIO DE MATERIA - TERMINO TEMATICO [R] | |
| Término temático o nombre geográfico como elemento de entrada [NR] | Ciclos económicos |
| 9 (RLIN) | 10763 |
| 650 #7 - ASIENTO SECUNDARIO DE MATERIA - TERMINO TEMATICO [R] | |
| Término temático o nombre geográfico como elemento de entrada [NR] | Desarrollo económico |
| 9 (RLIN) | 438 |
| 650 #7 - ASIENTO SECUNDARIO DE MATERIA - TERMINO TEMATICO [R] | |
| Término temático o nombre geográfico como elemento de entrada [NR] | Economía del bienestar |
| 9 (RLIN) | 13680 |
| 650 #7 - ASIENTO SECUNDARIO DE MATERIA - TERMINO TEMATICO [R] | |
| Término temático o nombre geográfico como elemento de entrada [NR] | Economía |
| 9 (RLIN) | 174 |
| 650 #7 - ASIENTO SECUNDARIO DE MATERIA - TERMINO TEMATICO [R] | |
| Término temático o nombre geográfico como elemento de entrada [NR] | Macroeconomía |
| 9 (RLIN) | 18838 |
| 650 #7 - ASIENTO SECUNDARIO DE MATERIA - TERMINO TEMATICO [R] | |
| Término temático o nombre geográfico como elemento de entrada [NR] | Mercados |
| Subdivisión de forma [R] | Modelos económicos |
| 9 (RLIN) | 19357 |
| 650 #7 - ASIENTO SECUNDARIO DE MATERIA - TERMINO TEMATICO [R] | |
| Término temático o nombre geográfico como elemento de entrada [NR] | Oferta y demanda |
| 9 (RLIN) | 20709 |
| 650 #7 - ASIENTO SECUNDARIO DE MATERIA - TERMINO TEMATICO [R] | |
| Término temático o nombre geográfico como elemento de entrada [NR] | Política fiscal |
| 9 (RLIN) | 21986 |
| 650 #7 - ASIENTO SECUNDARIO DE MATERIA - TERMINO TEMATICO [R] | |
| Término temático o nombre geográfico como elemento de entrada [NR] | Política monetaria |
| 9 (RLIN) | 22001 |
| 650 #7 - ASIENTO SECUNDARIO DE MATERIA - TERMINO TEMATICO [R] | |
| Término temático o nombre geográfico como elemento de entrada [NR] | Teoría económica |
| 9 (RLIN) | 25318 |
| 690 ## - ASUNTO AGREGADO LOCAL DE ENTRADA - TÉRMINO TEMÁTICO (OCLC, RLIN) | |
| Acceso temático local | Desarrollo económico |
| 9 (RLIN) | 438 |
| 690 ## - ASUNTO AGREGADO LOCAL DE ENTRADA - TÉRMINO TEMÁTICO (OCLC, RLIN) | |
| Acceso temático local | Economía |
| 9 (RLIN) | 174 |
| 690 ## - ASUNTO AGREGADO LOCAL DE ENTRADA - TÉRMINO TEMÁTICO (OCLC, RLIN) | |
| Acceso temático local | Macroeconomía |
| 9 (RLIN) | 18838 |
| 700 1# - ASIENTO SECUNDARIO - NOMBRE PERSONAL [R] | |
| Nombre personal [NR] | Graddy, kathryn |
| 9 (RLIN) | 52097 |
| 700 1# - ASIENTO SECUNDARIO - NOMBRE PERSONAL [R] | |
| Nombre personal [NR] | Wells, Robin |
| 9 (RLIN) | 52098 |
| 700 1# - ASIENTO SECUNDARIO - NOMBRE PERSONAL [R] | |
| Nombre personal [NR] | Estrech Manjón, Alejandro |
| Término de relación [R] | traductor |
| 9 (RLIN) | 85958 |
| 700 1# - ASIENTO SECUNDARIO - NOMBRE PERSONAL [R] | |
| Nombre personal [NR] | Jimena García Pardo |
| Término de relación [R] | traductor |
| 9 (RLIN) | 85956 |
| 700 1# - ASIENTO SECUNDARIO - NOMBRE PERSONAL [R] | |
| Nombre personal [NR] | Ojeda, Alonso de |
| Término de relación [R] | traductor |
| 9 (RLIN) | 85957 |
| 765 0# - ASIENTO DE IDIOMA ORIGINAL [R] | |
| Título [NR] | Essentials of Economics |
| 942 ## - ELEMENTOS DE ENTRADA AGREGADOS (KOHA) | |
| Tipo de ítem principal el descrito en 300a | Libro |
| Tema principal | Economía |
| Edición | 3 |
| Parte restante de la signatura top. | K943f |
| Sistema de clasificación | DEWEY |
| Clasificación | 330 |
| Fecha de último préstamo | Total préstamos | Total Renewals | Signatura topográfica | Código de barras | Última vez visto | Volúmen / Fascículo | Ejemplar | Price effective from | Tipo de ítem | Perdido | Sistema de clasificación | Dañado | No prestable | Tipo de ítem específico | Suprimido | Ubicación habitual | Ubicación actual | Localización | Fecha de creación | Forma de adquisición | Costo | Costo de reposición | Proveedor |
|---|---|---|---|---|---|---|---|---|---|---|---|---|---|---|---|---|---|---|---|---|---|---|---|
| 15/09/2017 | 54 | 22 | 330 K943f | 100119772 | 03/12/2025 | 2a. Ed. | Ej.1 | 03/02/2013 | Libro | DEWEY | Libro | Claustro | Claustro | Mezanine | 28/02/2013 | Compra | 108500.00 | ||||||
| 09/03/2020 | 29 | 8 | 330 K943f | 100120084 | 03/12/2025 | Ej.3 | 03/02/2013 | Libro | Libro | Claustro | Claustro | Mezanine | 30/09/2011 | Compra | 140000.00 | ||||||||
| 05/02/2020 | 32 | 10 | 330 K943f | 100120083 | 03/12/2025 | Ej.2 | 03/02/2013 | Libro | Libro | Claustro | Claustro | Mezanine | 30/09/2011 | Compra | 140000.00 | ||||||||
| 09/04/2025 | 7 | 4 | 330 K943f | 100153179 | 03/12/2025 | 3a.Ed. | Ej.1 | 22/05/2017 | Libro | DEWEY | Libro | Claustro | Claustro | Mezanine | 22/05/2017 | Compra | 125717.00 | 125717.00 | 37 | ||||
| 13/10/2020 | 7 | 6 | 330 K943f | 100153180 | 03/12/2025 | 3a.Ed. | Ej.2 | 22/05/2017 | Libro | DEWEY | Libro | Claustro | Claustro | Mezanine | 22/05/2017 | Compra | 125717.00 | 125717.00 | 37 | ||||
| 20/03/2019 | 2 | 330 K943f | 100153182 | 03/12/2025 | 3a.Ed. | Ej.4 | 22/05/2017 | Libro | DEWEY | Libro | Claustro | Claustro | Mezanine | 22/05/2017 | Compra | 125717.00 | 125717.00 | 37 | |||||
| 24/03/2021 | 6 | 8 | 330 K943f | 100153313 | 03/12/2025 | 3a.Ed. | Ej.6 | 09/06/2017 | Libro | DEWEY | Libro | Claustro | Claustro | Mezanine | 09/06/2017 | Compra | 125717.00 | 125717.00 | 37 | ||||
| 18/04/2022 | 5 | 7 | 330 K943f | 100153183 | 10/12/2025 | 3a.Ed. | Ej.5 | 22/05/2017 | Libro | DEWEY | Libro | Sede del emprendimiento y la innovación | Sede del Emprendimiento, Innovación y Creación | 1er piso | 22/05/2017 | Compra | 125717.00 | 125717.00 | 37 | ||||
| 21/01/2020 | 4 | 1 | 330 K943f | 100153181 | 10/12/2025 | 3a.Ed. | Ej.3 | 22/05/2017 | Libro | DEWEY | Libro | Sede del emprendimiento y la innovación | Sede del Emprendimiento, Innovación y Creación | 1er piso | 22/05/2017 | Compra | 125717.00 | 125717.00 | 37 |